01613cam a2200397 a 45000010005000000030006000050050017000110080041000280100017000690200035000860200018001210200024001390350013001630400023001760420009001990500024002080820018002321000035002502450106002852600044003913000045004354900017004805050007004975200337005045210021008415210018008626500020008806500017009006500023009176550020009407000044009609060045010049420015010499990015010649520136010798302FISKH20250908153214.0080731s2009 mnua j 000 0 eng  a 2008032047 a9781434211941qlibrary binding a9781434213921 a9781434213921qpbk. a15390703 aDLCcDLCdDLCbeng alcac00aPZ7.7.P44bRap 200900a741.5/9732221 aPeters, Stephanie True,d1965-10aRapunzel :bthe graphic novel /cretold by Stephanie Peters ; illustrated by Jeffrey Stewart Timmins. aMinneapolis :bStone Arch Books,c2009. a33 pages :bcolor illustrations ;c26 cm0 aGraphic spin aM  a"Long ago, a beautiful maiden named Rapunzel lived a life of loneliness. Taken at birth by an evil witch, she remained hidden, locked within a giant tower. Then one day, a prince heard her voice through the forest. To reach her, he must climb Rapunzel's lovely locks and avoid being caught by the witch"--Unedited summary from book. a530 bLexile GN  aM bRaz-Plus  1aGraphic novels. 1aFairy tales. 1aFolklorezGermany. 0aGraphic novels.1 aTimmins, Jeffrey Stewart,eillustrator  a7bcbccorignewd1eecipf20gy-gencatlg 2ddccBKn0 c8302d8302 00102ddc40708JUVFa001b001cTK Yellowd2025-09-08l0oPET 741.5 PZ7.P44 R pFISTK00680r2025-09-08 15:32:11t1w2025-09-08yBK